| 000 | 00697nam a22002297a 4500 | ||
|---|---|---|---|
| 005 | 20170124110039.0 | ||
| 010 | _aA-825799 | ||
| 020 |
_c00.00 _a0521479037 |
||
| 035 | _aA-825799 | ||
| 037 | _bCen Lib/Ret | ||
| 040 |
_aDPL _bEN |
||
| 082 |
_a822.33 _bSHA |
||
| 100 |
_aShakespeare, William _923297 |
||
| 245 |
_aThe tempest / _cby William Shakespeare: edited by Rex Gibson |
||
| 260 |
_aNew York _bUniversity of Cambridge _c1995 |
||
| 270 |
_bNew York _a40 west 20th street _e10011-4211 |
||
| 300 |
_a172p. _c21cm(Hb) |
||
| 650 |
_aEnglish literature _923298 |
||
| 650 |
_aEnglish Drama _923299 |
||
| 700 |
_aGibson, Rex _923237 |
||
| 942 |
_2ddc _cEN _h882.33 _mSHA |
||
| 999 |
_c128387 _d128387 |
||